幸福銀行

資料類型: Book 圖書   書目號:26726

Leader xxxxxxxxxx
001 __ PCLIS00026726
005 __ 20211001132320.0
010 0_ |a957-469-373-2|b平裝|dNT$160
100 __ |a20010601d2001    m  y0chiy09      e
101 0_ |achi
102 __ |atw
105 __ |aa   t   000ad
200 1_ |a幸福銀行|dLove post. March 2001|fMasa等著
205 __ |a初版
210 __ |a臺北市|c紅色文化出版|c城邦文化發行|d2001[民90]
215 0_ |a237面|c|d21公分
225 1_ |aLove post|v3
314 __ |a作者號由adm取自執行主編
700 _0 |aMasa|4701 _0 |a安妮寶貝|4701 _1 |a|b蘭芬|4701 _0 |a小旦|4701 _0 |a阿莫|4701 _0 |a渡邊徹|4701 _0 |ahais|4701 _0 |aguyferd|4701 _0 |aputin|4701 _1 |a|b燕華|4702 _1 |a|b台訓|4執行主編
801 _0 |atw|b內湖高中|c20010622|gCCR
801 _2 |atw|b內湖高中|c20211001|gCCR
詳細館藏(共 1 筆)
索 書 號登 錄 號冊次號館別 / 館藏地流通類型狀態加入預約清單電子資源
857.61 / 8464 2010652  圖書館 / 一樓普通區 可外借30天 在館   

| 條列資料




目錄查詢 分類查詢 個人資料 圖書薦購 新書查詢 閉館日 排行榜 更多電子資源 Hami書城 線上資料庫 登出

From : 216.73.217.52

  本日流通累計至 05:34:37 借閱 : 0 次 續借 : 0 次 歸還 : 0 次 預約 : 0 次 電子資源 : 0 次


內湖高中圖書館  PCLIS 版本  26.5.0.12